The British Conservative Party Quiz - Statistics

General Stats
  • This quiz has been taken 108 times
    99 since last reset
  • The average score is 9 of 11
Answer Stats
Question Answer % Correct
Which Conservative was labelled "The Iron Lady"? Margaret Thatcher
98%
Who was the second Female and Conservative Prime Minister? Theresa May
92%
What referendum did the Conservatives call in 2016? The Brexit Referendum
91%
What war did Thatcher win, which led to a revived trust in her leadership? The Falklands War
90%
Which Party was the Conservative's main opposition before the rise of Labour? The Liberal Party
90%
What Party did the Conservatives form a coalition with in the 2010 General Election? The Liberal Democrats
85%
Which Conservative Prime Minister during the 1970's had the initials EH? Edward Heath
80%
What party did the Conservatives evolve from? The Tory Party
73%
What policy did the Conservatives support during the build-up to WW2? Appeasement
63%
Which Interwar Conservative was in power for three, non-consecutive terms? Stanley Baldwin
57%
What year was the Modern Conservative Party created? 1834
35%
No matching quizzes found
Score Distribution
Percent of People with Each Score
Percentile by Number Answered
Your Score History
You have not taken this quiz since the last reset